00727nam a2200169 i 450000100060000000300090000600500170001500700030003200800410003504000200007624501960009626000690029230000780036165000410043971100560048085200210053653454ES-MaACL20230906162753.0t|950927s1878 sp abf ||||1| spa d aCAM bspa cCAM00aEstudio sobre la Exposición Vinícola Nacional de 1877 b: publicado en cumplimiento del real decreto de 15 de septiembre de 1876, siendo Ministro de Fomento el Excmo. Sr. Conde de Toreno. aMadrid : b[s.n.], c1878 (fImp. y fundición de Manuel Tello) aVII, 1228 p., [9] h. de map., [1] h. de plan, [4] h. de lám. ; c36 cm. 4aIndustria vitivinícola-zEspaña.2 aExposición Nacional Vinícola (d1877. cMadrid) aES-MaACLjG-1947